Elementary statistical methods / (Record no. 2042)
[ view plain ]
| 000 -LEADER | |
|---|---|
| fixed length control field | 00478cam a2200181ua 4500 |
| 020 ## - INTERNATIONAL STANDARD BOOK NUMBER | |
| ISBN | 0-412-24000-9 |
| 041 ## - LANGUAGE CODE | |
| Language code of text/sound track or separate title | eng |
| 082 ## - DEWEY DECIMAL CLASSIFICATION NUMBER | |
| Classification number | 519.5 |
| Item number | WET/EL |
| 100 ## - MAIN ENTRY--AUTHOR NAME | |
| Personal name | Wetherill, G Barrie . |
| 245 ## - TITLE STATEMENT | |
| Title | Elementary statistical methods / |
| 250 ## - EDITION STATEMENT | |
| Edition statement | 3 / |
| 260 ## - PUBLICATION, DISTRIBUTION, ETC. (IMPRINT) | |
| Place of publication | London : |
| Name of publisher | Chapman and Hall Ltd , |
| Year of publication | 1982. |
| 300 ## - PHYSICAL DESCRIPTION | |
| Number of Pages | 356 ; . |
| 942 ## - ADDED ENTRY ELEMENTS (KOHA) | |
| Koha item type | Books |
| Withdrawn status | Lost status | Damaged status | Home library | Current library | Date acquired | Full call number | Accession Number | Koha item type |
|---|---|---|---|---|---|---|---|---|
| KAUAET | KAUAET | 08/09/1986 | 519.5 WET/EL | 15741 | Books |
